[Event "Kochan Memorial op 26th"]
[Site "Koszalin"]
[Date "2015.08.20"]
[Round "4"]
[White "Wasilewski, Leszek"]
[Black "Borkowski, Helmut"]
[Result "1-0"]
[WhiteElo "1244"]
[BlackElo "1386"]
[PlyCount "81"]
[EventDate "2015.08.17"]
[EventType "swiss"]
[EventRounds "9"]
[EventCountry "POL"]
[SourceTitle "EXT 2016"]
[Source "ChessBase"]
[SourceDate "2015.10.08"]
[SourceVersion "1"]
[SourceVersionDate "2015.10.08"]
[SourceQuality "1"]

1. d4 d6 2. c4 g6 3. Nf3 Bg7 4. Nc3 Bg4 5. e3 Nc6 6. Be2 h5 7. a3 Nf6 8. d5 Ne5 9. Nxe5 dxe5 10. f3 Bd7 11. e4 a6 12. Bg5 Nh7 13. Be3 0-0 14. Rc1 f5 15. Bd3 f4 16. Bf2 Bf6 17. c5 e6 18. Bc4 Bh4 19. 0-0 Re8 20. Qe1 Bf6 21. Rd1 Qc8 22. dxe6 Bxe6 23. Bxe6+ Qxe6 24. Nd5 Bd8 25. Qb4 Qc6 26. Qc4 Kh8 27. Rd2 Ng5 28. Rfd1 Qe6 29. Qc3 c6 30. Nb6 Rb8 31. Rd6 Qg8 32. Nd7 Rc8 33. Nxe5 Rxe5 34. Qxe5+ Kh7 35. Rd7+ Nf7 36. Qxf4 Kg7 37. Rxb7 Bg5 38. Qxg5 Kf8 39. Qe7+ Kg7 40. Bd4+ Kh6 41. Qxf7 1-0

[Event "Kochan Memorial op 26th"]
[Site "Koszalin"]
[Date "2015.08.19"]
[Round "3"]
[White "Borkowski, Helmut"]
[Black "Luczak, Filip"]
[Result "0-1"]
[WhiteElo "1386"]
[BlackElo "1529"]
[PlyCount "64"]
[EventDate "2015.08.17"]
[EventType "swiss"]
[EventRounds "9"]
[EventCountry "POL"]
[SourceTitle "EXT 2016"]
[Source "ChessBase"]
[SourceDate "2015.10.08"]
[SourceVersion "1"]
[SourceVersionDate "2015.10.08"]
[SourceQuality "1"]

1. e4 c5 2. Nf3 d6 3. Bc4 Nf6 4. Nc3 e6 5. d4 cxd4 6. Nxd4 a6 7. Be3 Be7 8. Qe2 b5 9. Bd3 Bb7 10. f4 b4 11. Na4 Nxe4 12. Nf3 Nd7 13. Bd4 Nef6 14. 0-0-0 Qa5 15. b3 0-0 16. Ng5 Bc6 17. Nb2 Nc5 18. Bxf6 gxf6 19. Qh5 Nxd3+ 20. Rxd3 fxg5 21. h4 Be4 22. Rg3 Bg6 23. Qf3 Qxa2 24. Nd3 Qa1+ 25. Kd2 Qxh1 26. hxg5 Qa1 27. Nxb4 Qd4+ 28. Nd3 e5 29. f5 e4 30. Qg4 e3+ 31. Ke2 Qxg4+ 32. Rxg4 Bh5 0-1

[Event "Kochan Memorial op 26th"]
[Site "Koszalin"]
[Date "2015.08.17"]
[Round "1"]
[White "Borkowski, Helmut"]
[Black "Januszkiewicz, Wojciech"]
[Result "0-1"]
[WhiteElo "1386"]
[BlackElo "2032"]
[PlyCount "60"]
[EventDate "2015.08.17"]
[EventType "swiss"]
[EventRounds "9"]
[EventCountry "POL"]
[SourceTitle "EXT 2016"]
[Source "ChessBase"]
[SourceDate "2015.10.08"]
[SourceVersion "1"]
[SourceVersionDate "2015.10.08"]
[SourceQuality "1"]

1. e4 c5 2. Nf3 d6 3. Nc3 Nf6 4. h3 g6 5. d4 cxd4 6. Nxd4 Bg7 7. Be3 0-0 8. Qd2 Nc6 9. Be2 d5 10. Bh6 Bxh6 11. Qxh6 Nxd4 12. Bd3 dxe4 13. Nxe4 Nxe4 14. Bxe4 Qa5+ 15. c3 Qe5 16. Qe3 Nf5 17. Qe2 Nd6 18. Bf3 Qxe2+ 19. Kxe2 Bd7 20. Rad1 Bb5+ 21. Ke1 Rad8 22. b3 Bc6 23. Ke2 Bxf3+ 24. Kxf3 Nb5 25. c4 Nc3 26. Ra1 Rd3+ 27. Kf4 Rfd8 28. f3 Ne2+ 29. Kg5 R8d4 30. Rhe1 f6+ 0-1

[Event "Koszalin op"]
[Site "Koszalin"]
[Date "2012.??.??"]
[Round "5"]
[White "Borkowski, Helmut"]
[Black "Zadkowski, Zbigniew"]
[Result "1-0"]
[WhiteElo "1467"]
[BlackElo "1665"]
[PlyCount "95"]
[EventDate "2012.01.06"]
[EventType "swiss"]
[EventRounds "9"]
[EventCountry "POL"]
[SourceTitle "CBM 146 Extra"]
[Source "ChessBase"]
[SourceDate "2012.02.29"]
[SourceVersion "1"]
[SourceVersionDate "2012.02.29"]
[SourceQuality "1"]

1. e4 d6 2. Nf3 Bg4 3. Bc4 e5 4. d3 Nf6 5. Bg5 g6 6. Nc3 c6 7. h3 Bxf3 8. Qxf3 Bg7 9. 0-0-0 Nbd7 10. h4 a5 11. h5 h6 12. hxg6 fxg6 13. Bxf6 Bxf6 14. Qg4 Bg5+ 15. Kb1 Qf6 16. g3 Ke7 17. f4 exf4 18. e5 Nxe5 19. Qe2 f3 20. Qf2 b5 21. Bxb5 cxb5 22. Nd5+ Kd7 23. Nxf6+ Bxf6 24. d4 Nc4 25. Qxf3 Bg5 26. Qb7+ Ke6 27. Qxb5 Rhc8 28. Rde1+ Kf7 29. Qd5+ Kg7 30. Qb7+ Kh8 31. Re7 Na3+ 32. bxa3 Rab8 33. Rh7+ Kg8 34. Rg7+ Kh8 35. Rh7+ Kg8 36. Kb2 Rxb7+ 37. Rxb7 Bd2 38. Rd1 Bc3+ 39. Kb3 Rc6 40. Rd3 Be1 41. Re3 Kf8 42. Rxe1 g5 43. Re6 h5 44. Rh6 Kg8 45. Rxh5 g4 46. Rg5+ Kf8 47. Rxg4 Rc8 48. d5 1-0

[Event "Koszalin op"]
[Site "Koszalin"]
[Date "2012.??.??"]
[Round "9"]
[White "Koszowski, Krystian"]
[Black "Borkowski, Helmut"]
[Result "1-0"]
[WhiteElo "1762"]
[BlackElo "1467"]
[PlyCount "49"]
[EventDate "2012.01.06"]
[EventType "swiss"]
[EventRounds "9"]
[EventCountry "POL"]
[SourceTitle "CBM 146 Extra"]
[Source "ChessBase"]
[SourceDate "2012.02.29"]
[SourceVersion "1"]
[SourceVersionDate "2012.02.29"]
[SourceQuality "1"]

1. e4 d6 2. Nc3 Nf6 3. d4 a6 4. Bf4 b5 5. a3 Bb7 6. e5 Nd5 7. Qf3 e6 8. Bd3 Nc6 9. Nge2 Qd7 10. 0-0 0-0-0 11. Bg5 f6 12. Nxd5 fxg5 13. Be4 exd5 14. Bf5 Be7 15. Bxd7+ Rxd7 16. e6 Rdd8 17. Qxd5 Bf6 18. Qf5 Ne7 19. Qd3 g6 20. c4 Nf5 21. cxb5 axb5 22. Qxb5 Nh4 23. d5 Be5 24. Rac1 Nf5 25. Qb6 1-0

[Event "Gryfice Region-ch 09th"]
[Site "Gryfice"]
[Date "2011.11.05"]
[Round "2"]
[White "Borkowski, Helmut"]
[Black "Smal, Tobiasz"]
[Result "0-1"]
[WhiteElo "1788"]
[BlackElo "1474"]
[PlyCount "58"]
[EventDate "2011.11.05"]
[EventType "swiss"]
[EventRounds "9"]
[EventCountry "POL"]
[SourceTitle "EXT 2023"]
[Source "ChessBase"]
[SourceDate "2022.10.05"]
[SourceVersion "1"]
[SourceVersionDate "2022.10.05"]
[SourceQuality "1"]

1. e4 c5 2. b4 cxb4 3. a3 e6 4. axb4 Bxb4 5. c3 Be7 6. d4 Nf6 7. Bd3 d6 8. Nf3 Nbd7 9. Nbd2 Qc7 10. Qc2 0-0 11. Ba3 Re8 12. 0-0 e5 13. Rfc1 b6 14. Nf1 Bb7 15. Ne3 g6 16. Ng5 h6 17. Nf3 a6 18. Qb1 a5 19. Nd2 Nh5 20. Nd5 Bxd5 21. exd5 Nf4 22. Bf1 Nxd5 23. c4 Nf4 24. g3 Ne6 25. Bd3 Kg7 26. Nf3 Nxd4 27. Be4 Rac8 28. Qb5 Nxb5 29. cxb5 Nc5 0-1

[Event "Kowalewo Pomorskie op-B 16th"]
[Site "Kowalewo Pomorskie"]
[Date "2009.07.08"]
[Round "6"]
[White "Borkowski, Helmut"]
[Black "Twardowski, Edward"]
[Result "0-1"]
[WhiteElo "1502"]
[BlackElo "1804"]
[PlyCount "24"]
[EventDate "2009.07.04"]
[EventType "swiss"]
[EventRounds "9"]
[EventCountry "POL"]
[SourceTitle "EXT 2011"]
[Source "ChessBase"]
[SourceDate "2010.11.26"]
[SourceVersion "1"]
[SourceVersionDate "2010.11.26"]
[SourceQuality "1"]

1. d4 c5 2. Nf3 e6 3. Bf4 cxd4 4. Bxb8 Rxb8 5. Nxd4 d5 6. e3 Qd6 7. Nc3 a6 8. Bd3 Nf6 9. h3 g6 10. Qe2 e5 11. Bxg6 hxg6 12. Nb3 Bg7 0-1

[Event "Kochan Memorial op 19th"]
[Site "Koszalin"]
[Date "2008.08.04"]
[Round "1"]
[White "Koziej, Maciej"]
[Black "Borkowski, Helmut"]
[Result "1-0"]
[WhiteElo "1987"]
[BlackElo "1449"]
[PlyCount "93"]
[EventDate "2008.08.04"]
[EventType "swiss"]
[EventRounds "9"]
[EventCountry "POL"]
[SourceTitle "CBM 125 Extra"]
[Source "ChessBase"]
[SourceDate "2008.09.01"]
[SourceVersion "1"]
[SourceVersionDate "2008.09.01"]
[SourceQuality "1"]

1. e4 d6 2. d4 Nf6 3. Nc3 g6 4. f4 Bg7 5. Nf3 Bg4 6. Be3 a6 7. h3 Bd7 8. g4 b5 9. a3 c6 10. Qd2 Qc7 11. Bg2 a5 12. 0-0 Na6 13. e5 Nd5 14. Nxd5 cxd5 15. exd6 Qxd6 16. Qxa5 0-0 17. Qd2 Rfc8 18. c3 Nb8 19. Ne5 Be8 20. f5 f6 21. Nd3 Nc6 22. Nf4 Bf7 23. fxg6 hxg6 24. Qd3 e5 25. dxe5 fxe5 26. Nxd5 e4 27. Nf6+ Qxf6 28. Rxf6 exd3 29. Rxc6 Rd8 30. Bd2 Ra4 31. Re1 b4 32. Ra1 Re8 33. Bf3 Be5 34. Rb6 bxc3 35. bxc3 Rc4 36. Rc1 Ra4 37. Bc6 Rxa3 38. Bxe8 Ra2 39. Bxf7+ Kxf7 40. Rf1+ Kg8 41. Rxg6+ Kh7 42. Rh6+ Kg7 43. Re6 Rxd2 44. Rxe5 Rc2 45. Re3 d2 46. Rd3 Kg6 47. Rd1 1-0

[Event "Kowalewo Pomorskie op-B"]
[Site "Kowalewo Pomorskie"]
[Date "2008.07.12"]
[Round "8.30"]
[White "Borkowski, Helmut"]
[Black "Oszmian, Natalia"]
[Result "1-0"]
[WhiteElo "1449"]
[BlackElo "1831"]
[PlyCount "55"]
[EventDate "2008.07.04"]
[EventType "swiss"]
[EventRounds "9"]
[EventCountry "POL"]
[SourceTitle "EXT 2023"]
[Source "ChessBase"]
[SourceDate "2022.10.05"]
[SourceVersion "1"]
[SourceVersionDate "2022.10.05"]
[SourceQuality "1"]

1. e4 e5 2. Nc3 Nc6 3. Nf3 Nf6 4. Bc4 Be7 5. g4 d6 6. g5 Nd7 7. d4 Nb6 8. Bb3 exd4 9. Nb5 Bg4 10. Rg1 Bh5 11. Qd3 Na5 12. Bd2 Nxb3 13. axb3 Bxf3 14. Qxf3 Qd7 15. Nxd4 f6 16. Nf5 Rg8 17. Qh5+ Kf8 18. Qxh7 fxg5 19. Rg3 Bf6 20. Rf3 g6 21. Qh6+ Kf7 22. Qh7+ Ke6 23. Qh3 Rh8 24. Qg4 Kf7 25. Bxg5 Bxg5 26. Qxg5 Raf8 27. Nxd6+ Kg7 28. Qe5+ 1-0

[Event "Kowalewo Pomorskie op-B"]
[Site "Kowalewo Pomorskie"]
[Date "2008.07.06"]
[Round "3.29"]
[White "Borkowski, Helmut"]
[Black "Gora, Joanna"]
[Result "1-0"]
[WhiteElo "1959"]
[BlackElo "1554"]
[PlyCount "83"]
[EventDate "2008.07.04"]
[EventType "swiss"]
[EventRounds "9"]
[EventCountry "POL"]
[SourceTitle "EXT 2023"]
[Source "ChessBase"]
[SourceDate "2022.10.05"]
[SourceVersion "1"]
[SourceVersionDate "2022.10.05"]
[SourceQuality "1"]

1. e4 c5 2. Nf3 g6 3. Bc4 Bg7 4. Ng5 e6 5. d4 Bxd4 6. 0-0 Bf6 7. f4 h6 8. Nf3 a6 9. e5 Bg7 10. a4 b6 11. Nfd2 Bb7 12. Qe2 Nc6 13. Ne4 Bf8 14. c3 Qc7 15. Nbd2 d6 16. exd6 Bxd6 17. Nxd6+ Qxd6 18. Ne4 Qc7 19. Rd1 Ke7 20. Be3 Na5 21. Bf2 Nxc4 22. Qxc4 Bd5 23. Qe2 Qxf4 24. Nxc5 Nf6 25. Nxa6 Bc4 26. Qe1 Bxa6 27. Bg3 Qe4 28. Qf2 Bb7 29. Rd4 Qc6 30. Rf1 Ke8 31. Be5 Rh7 32. Bxf6 Qc7 33. Rfd1 Bd5 34. Qe2 Kf8 35. c4 Bc6 36. Rd8+ Rxd8 37. Rxd8+ Be8 38. Qd3 Qc5+ 39. Kh1 Qc6 40. Qa3+ Qc5 41. Qxc5+ bxc5 42. a5 1-0

[Event "Kowalewo Pomorskie op-B"]
[Site "Kowalewo Pomorskie"]
[Date "2007.07.08"]
[Round "6.25"]
[White "Borkowski, Helmut"]
[Black "Cieplowski, Tomasz"]
[Result "0-1"]
[WhiteElo "1959"]
[BlackElo "1792"]
[PlyCount "56"]
[EventDate "2007.07.04"]
[EventType "swiss"]
[EventRounds "9"]
[EventCountry "POL"]
[SourceTitle "EXT 2023"]
[Source "ChessBase"]
[SourceDate "2022.10.05"]
[SourceVersion "1"]
[SourceVersionDate "2022.10.05"]
[SourceQuality "1"]

1. e4 c5 2. Nc3 Nc6 3. Bc4 e6 4. Nf3 a6 5. a3 d6 6. d4 cxd4 7. Nxd4 Nf6 8. Bg5 Be7 9. Nf3 b5 10. Bb3 Bb7 11. Qe2 Qc7 12. h4 h6 13. Be3 Rc8 14. Rh3 Nd7 15. Rg3 Bf6 16. Bd2 Nc5 17. Ba2 Qd8 18. 0-0-0 b4 19. Nb1 b3 20. Nc3 bxa2 21. Nxa2 Ne5 22. Bc3 Nxf3 23. gxf3 Qc7 24. h5 Bc6 25. Kb1 Ke7 26. Nb4 Bxc3 27. bxc3 Na4 28. Nd5+ Bxd5 0-1

[Event "Kowalewo Pomorskie op-B"]
[Site "Kowalewo Pomorskie"]
[Date "2007.07.04"]
[Round "2.24"]
[White "Borkowski, Helmut"]
[Black "Mirski, Jerzy"]
[Result "1-0"]
[WhiteElo "1959"]
[BlackElo "1859"]
[PlyCount "45"]
[EventDate "2007.07.04"]
[EventType "swiss"]
[EventRounds "9"]
[EventCountry "POL"]
[SourceTitle "EXT 2023"]
[Source "ChessBase"]
[SourceDate "2022.10.05"]
[SourceVersion "1"]
[SourceVersionDate "2022.10.05"]
[SourceQuality "1"]

1. e4 d6 2. d4 g6 3. Be3 Bg7 4. Nc3 Nf6 5. Bc4 0-0 6. Qe2 c6 7. 0-0-0 b5 8. Bb3 a5 9. a3 a4 10. Ba2 Qc7 11. Nf3 Ba6 12. Qd2 Nbd7 13. h4 e5 14. h5 Nxh5 15. Bh6 Ndf6 16. Qg5 b4 17. g4 Nf4 18. Bxg7 Kxg7 19. Qh6+ Kg8 20. Ng5 bxc3 21. Nxh7 cxb2+ 22. Kb1 Nxg4 23. Nf6+ 1-0